[Event "Senta op-B 15th"]
[Site "Senta"]
[Date "2011.07.19"]
[Round "5"]
[White "Janjic, Stefan"]
[Black "Tadic, Nikola"]
[Result "1-0"]
[WhiteElo "1844"]
[BlackElo "1959"]
[PlyCount "91"]
[EventDate "2011.07.16"]
[EventType "swiss"]
[EventRounds "9"]
[EventCountry "SRB"]
[SourceTitle "EXT 2019"]
[Source "ChessBase"]
[SourceDate "2018.10.10"]
[SourceVersion "1"]
[SourceVersionDate "2018.10.10"]
[SourceQuality "1"]

1. d4 d5 2. c4 e6 3. Nc3 Nf6 4. Bg5 Be7 5. cxd5 exd5 6. e3 c6 7. Bd3 0-0 8. Qc2 Nbd7 9. Nf3 Re8 10. 0-0 Nf8 11. Ne5 Ng4 12. Bxe7 Qxe7 13. Nf3 Ng6 14. Rab1 a5 15. Na4 Nh4 16. Nxh4 Qxh4 17. h3 Nf6 18. Kh2 Bxh3 19. gxh3 Ng4+ 20. Kg2 Nxe3+ 21. fxe3 Rxe3 22. Rf3 Rxf3 23. Kxf3 Re8 24. Bxh7+ Kh8 25. Bf5 Qxd4 26. Rd1 Re3+ 27. Kg2 Qe5 28. Bg4 Rg3+ 29. Kh1 d4 30. Qf5 Qe3 31. Rf1 b5 32. Qc8+ Kh7 33. Qf5+ Kh8 34. Qc8+ Kh7 35. Qf5+ Kh8 36. Qh5+ Kg8 37. Qxf7+ Kh8 38. Qh5+ Kg8 39. Qf7+ Kh8 40. Qf8+ Kh7 41. Bf5+ g6 42. Bxg6+ Kxg6 43. Qg8+ Kh6 44. Rf6+ Kh5 45. Qh7+ Kg5 46. Rf5# 1-0

[Event "Backa Topola-ch"]
[Site "Backa Topola"]
[Date "2010.12.03"]
[Round "8"]
[White "Tadic, Nikola"]
[Black "Scepanovic, Labud"]
[Result "1/2-1/2"]
[WhiteElo "1968"]
[BlackElo "2196"]
[PlyCount "111"]
[EventDate "2010.11.17"]
[EventType "swiss"]
[EventRounds "9"]
[EventCountry "SRB"]
[SourceTitle "EXT 2019"]
[Source "ChessBase"]
[SourceDate "2018.10.10"]
[SourceVersion "1"]
[SourceVersionDate "2018.10.10"]
[SourceQuality "1"]

1. e4 d5 2. exd5 Nf6 3. d4 Nxd5 4. Nf3 Bg4 5. Be2 e6 6. 0-0 Nc6 7. h3 Bh5 8. c4 Nb6 9. c5 Nd7 10. Nc3 Be7 11. Qa4 0-0 12. Rd1 a6 13. Bf4 Rc8 14. Qc4 Qe8 15. b4 Bf6 16. g4 Bg6 17. g5 Bd8 18. Re1 Bf5 19. Bf1 Be7 20. a3 Qd8 21. Rad1 Kh8 22. d5 exd5 23. Qxd5 Be6 24. Qe4 Qe8 25. Nd5 Bd8 26. Nd4 Nxd4 27. Qxd4 c6 28. Nc3 Bc7 29. Bd6 Bxd6 30. Qxd6 Rd8 31. Bc4 Rg8 32. Bxe6 fxe6 33. Qxe6 Qxe6 34. Rxe6 Nf8 35. Re7 Rb8 36. Ne4 Ng6 37. Nd6 h6 38. Rxb7 hxg5 39. Nf7+ Kh7 40. Nxg5+ Kh6 41. Nf7+ Kh5 42. Rxb8 Rxb8 43. Nd8 Ne5 44. f4 Nc4 45. Nxc6 Rc8 46. Ne5 Nxa3 47. Ra1 Nc2 48. Rxa6 Nxb4 49. Ra4 Nd5 50. c6 Kh4 51. Rd4 Ne7 52. Rd6 Kg3 53. Rd7 Nxc6 54. Rxg7+ Kxf4 55. Nxc6 Rxc6 56. Rf7+ 1/2-1/2